|
|
|
|
| LEADER |
01350nam a2200313 a 4500 |
| 001 |
405 |
| 003 |
BD-DhAAL |
| 005 |
20150422124253.0 |
| 008 |
150422s1990 cau b 001 0 eng |
| 010 |
|
|
|a 90039523
|
| 020 |
|
|
|a 0803937822 (C)
|
| 020 |
|
|
|a 0803937830 (P)
|
| 040 |
|
|
|a DLC
|c DLC
|d DLC
|d BD-DhAAL
|
| 050 |
0 |
0 |
|a HV690.U6
|b R87 1990
|
| 082 |
0 |
0 |
|a 362.1/0425
|2 20
|
| 100 |
1 |
|
|a Russell, Mary Nomme.
|9 10612
|
| 245 |
1 |
0 |
|a Clinical social work :
|b research and practice /
|c Mary Nomme Russell.
|
| 260 |
|
|
|a Newbury Park, Calif. :
|b Sage Publications,
|c c1990.
|
| 300 |
|
|
|a 189 p. ;
|c 23 cm.
|
| 490 |
1 |
|
|a Sage sourcebooks for the human services series ;
|v 14
|
| 504 |
|
|
|a Includes bibliographical references (p. 151-175) and indexes.
|
| 541 |
|
|
|e 405
|
| 650 |
|
0 |
|a Psychiatric social work
|z United States.
|9 10613
|
| 650 |
|
0 |
|a Medical social work
|z United States.
|9 10614
|
| 830 |
|
0 |
|a Sage sourcebooks for the human services series ;
|v v. 14.
|9 8320
|
| 942 |
|
|
|2 ddc
|c BK
|
| 999 |
|
|
|c 34290
|d 34290
|
| 952 |
|
|
|0 0
|1 0
|2 ddc
|4 0
|6 362_104250000000000_RUS
|7 0
|9 53535
|a SCL
|b SCL
|c GEN
|d 2015-04-22
|e Gift: The Asia Foundation
|l 0
|o 362.10425 RUS
|p 3020000405
|r 2015-04-22
|t 1
|w 2015-04-22
|y BK
|
| 952 |
|
|
|0 0
|1 0
|2 ddc
|4 0
|6 362_104250000000000_RUS
|7 0
|9 53536
|a SCL
|b SCL
|c GEN
|d 2015-04-22
|e Gift: The Asia Foundation
|l 0
|o 362.10425 RUS
|p 3020001484
|r 2015-04-22
|t 2
|w 2015-04-22
|y BK
|